| 000 | 00929nam a2200241 a 4500 | ||
|---|---|---|---|
| 001 | BRCA_2067 | ||
| 005 | 20190320203644.0 | ||
| 008 | 070808s2004----mx-a---###---#000-0#spa-# | ||
| 041 | _aspa | ||
| 044 | _amx | ||
| 050 | 4 |
_aN6559.R5 _b.G36 2004 |
|
| 245 | 1 | 0 |
_aGamboa-Rivera _bcrónicas de una magna exposición _ctextos Patricia Gamboa, Carlos Castillo Cruz, Elizabeth Jaimes Peña. |
| 260 |
_aMéxico _bCONACULTA : INBA _c2004 |
||
| 300 |
_a46 p. _bil. (algunas a color) _c30 cm. |
||
| 500 | _aCatálogo de la exposición realizada en el Museo Casa Estudio Diego Rivera y Frida Kahlo (Ciudad de México), mayo-agosto, 2004 | ||
| 600 | 1 | 4 |
_aRivera, Diego _d1886-1957 _vExposiciones _94891 |
| 600 | 1 | 4 |
_aGamboa, Fernando _d1909- _vExposiciones _96284 |
| 650 | 1 | 4 |
_aArte _vExposiciones _96285 |
| 700 | 1 |
_aGamboa, Patricia _96286 |
|
| 700 | 1 |
_aCastillo Cruz, Carlos _96287 |
|
| 700 | 1 |
_aJaimes Peña, Elizabeth _96288 |
|
| 942 |
_2lcc _cB |
||
| 999 |
_c1826 _d1826 |
||